| 000 | 00424nam a22001697a 4500 | ||
|---|---|---|---|
| 999 |
_c478462 _d478462 |
||
| 003 | NUST | ||
| 005 | 20180601034512.0 | ||
| 008 | 180601b ||||| |||| 00| 0 eng d | ||
| 020 | _a9788131724668 | ||
| 038 | _aSNS Library | ||
| 082 | _a530 | ||
| 100 |
_aJeremy Bernstein _910673 |
||
| 245 |
_aModern Physics _cJeremy Bernstein |
||
| 260 |
_aNew Delhi _bPearson _c2009 |
||
| 300 |
_axix,602 p. _bPb. |
||
| 942 |
_2ddc _cBK |
||